[Event "GER-chA Seniors 28th"]
[Site "Niederhausen"]
[Date "2016.08.15"]
[Round "3"]
[White "Malik, Heinz"]
[Black "Walther, Reinhard"]
[Result "0-1"]
[WhiteElo "1789"]
[BlackElo "2054"]
[PlyCount "95"]
[EventDate "2016.08.13"]
[EventType "swiss"]
[EventRounds "9"]
[EventCountry "GER"]
[SourceTitle "EXT 2019"]
[Source "ChessBase"]
[SourceDate "2018.10.10"]
[SourceVersion "1"]
[SourceVersionDate "2018.10.10"]
[SourceQuality "1"]

1. d4 d5 2. c4 c6 3. Nc3 Nf6 4. Nf3 dxc4 5. a4 Bf5 6. Bf4 Qa5 7. e3 Nd5 8. Rc1 b5 9. axb5 cxb5 10. Nh4 Bd7 11. Be2 e6 12. 0-0 Be7 13. Bg3 Bc6 14. Qc2 Qd8 15. Nf3 Nb4 16. Qd2 a6 17. Ra1 0-0 18. Ne5 Bb7 19. f4 N8c6 20. Bf3 Qc8 21. Nxc6 Bxc6 22. h4 Rd8 23. Ne4 Nd5 24. Bf2 Nf6 25. Nxf6+ Bxf6 26. Qe2 Qb7 27. Bxc6 Qxc6 28. g4 Qe4 29. Qd1 g6 30. g5 Bg7 31. h5 e5 32. hxg6 hxg6 33. Qg4 exd4 34. exd4 Bxd4 35. Bxd4 Qxd4+ 36. Kh1 Qe4+ 37. Kg1 Rd2 38. Rae1 Qd4+ 39. Kh1 Rd8 40. Qf3 Qd5 41. Kg1 Qxf3 42. Rxf3 Rxb2 43. f5 gxf5 44. Rxf5 Rd7 45. Rc5 Rd3 46. Rf5 Rdd2 47. Re7 Rd1+ 48. Rf1 0-1

[Event "Bayern-ch op Seniors 26th"]
[Site "Bergen"]
[Date "2014.06.28"]
[Round "8"]
[White "Malik, Heinz"]
[Black "Steffl, Herbert"]
[Result "1-0"]
[WhiteElo "1568"]
[BlackElo "1512"]
[PlyCount "39"]
[EventDate "2014.06.21"]
[EventType "swiss"]
[EventRounds "7"]
[EventCountry "GER"]
[SourceTitle "EXT 2018"]
[Source "ChessBase"]
[SourceDate "2017.10.13"]
[SourceVersion "1"]
[SourceVersionDate "2017.10.13"]
[SourceQuality "1"]

1. d4 e6 2. c4 d5 3. Nc3 Nf6 4. Nf3 Be7 5. Bg5 Nbd7 6. e3 0-0 7. Bd3 h6 8. Bh4 dxc4 9. Bxc4 a6 10. a4 b6 11. 0-0 Bb7 12. Qe2 c5 13. Rfd1 Qc8 14. d5 Nxd5 15. Nxd5 Bxh4 16. Nxh4 exd5 17. Bxd5 Rd8 18. Nf5 Kh7 19. Nd6 Qc7 20. Bxb7 1-0

[Event "Bayern-ch op Seniors 26th"]
[Site "Bergen"]
[Date "2014.06.25"]
[Round "6"]
[White "Malik, Heinz"]
[Black "Malik, Rosemarie"]
[Result "1-0"]
[WhiteElo "1568"]
[BlackElo "1327"]
[PlyCount "73"]
[EventDate "2014.06.21"]
[EventType "swiss"]
[EventRounds "7"]
[EventCountry "GER"]
[SourceTitle "EXT 2018"]
[Source "ChessBase"]
[SourceDate "2017.10.13"]
[SourceVersion "1"]
[SourceVersionDate "2017.10.13"]
[SourceQuality "1"]

1. d4 d5 2. c4 Nf6 3. Nf3 e6 4. Nc3 dxc4 5. Bg5 Be7 6. e3 0-0 7. Bxc4 Nbd7 8. 0-0 b6 9. Rc1 Bb7 10. Re1 c5 11. Qe2 h6 12. Bh4 Re8 13. a3 Ne4 14. Bxe7 Qxe7 15. Nxe4 Bxe4 16. Red1 Nf6 17. dxc5 bxc5 18. Ne5 Rac8 19. f3 Bb7 20. e4 Red8 21. Rd3 Rxd3 22. Nxd3 Rd8 23. Nf2 Nd7 24. Rd1 Nb6 25. Bb3 Rxd1+ 26. Qxd1 Ba6 27. Bc2 c4 28. Qd4 f6 29. Nd1 Qe8 30. Nc3 e5 31. Qd6 Kh7 32. h3 Bb7 33. Qc7 Nd7 34. Qxb7 Nc5 35. Qd5 Nd3 36. Bxd3 cxd3 37. Qxd3 1-0

[Event "Bayern-ch op Seniors 26th"]
[Site "Bergen"]
[Date "2014.06.22"]
[Round "2"]
[White "Malik, Heinz"]
[Black "Walther, Reinhard"]
[Result "0-1"]
[WhiteElo "1568"]
[BlackElo "1885"]
[PlyCount "132"]
[EventDate "2014.06.21"]
[EventType "swiss"]
[EventRounds "7"]
[EventCountry "GER"]
[SourceTitle "EXT 2018"]
[Source "ChessBase"]
[SourceDate "2017.10.13"]
[SourceVersion "1"]
[SourceVersionDate "2017.10.13"]
[SourceQuality "1"]

1. d4 Nf6 2. c4 g6 3. Nc3 Bg7 4. g3 c6 5. Bg2 d5 6. cxd5 cxd5 7. Nf3 Nc6 8. 0-0 0-0 9. b3 Ne4 10. Bb2 f5 11. e3 Be6 12. Rc1 Qd7 13. Nd2 Rac8 14. f3 Nd6 15. f4 Ne4 16. Nf3 Bf7 17. Nxe4 fxe4 18. Ng5 Be6 19. Nxe6 Qxe6 20. g4 Qd6 21. Rf2 e6 22. g5 Rf7 23. h4 Rfc7 24. Rfc2 Ne7 25. Rxc7 Rxc7 26. Bh3 Nf5 27. Bxf5 exf5 28. Rxc7 Qxc7 29. Qc1 Qxc1+ 30. Bxc1 Bf8 31. Kf2 Kf7 32. Ke2 Ke6 33. Kd1 Kd7 34. Bd2 Kc6 35. Kc2 b6 36. a4 b5 37. axb5+ Kxb5 38. Kb2 a5 39. Bc3 Bb4 40. Kc2 Ba3 41. Bd2 a4 42. bxa4+ Kxa4 43. Be1 Bd6 44. Bd2 Bc7 45. Kb2 Bb6 46. Bc3 Bd8 47. Bd2 Be7 48. Kc2 Bf8 49. Be1 h6 50. Bd2 hxg5 51. hxg5 Ba3 52. Be1 Kb5 53. Bd2 Kc4 54. Be1 Bd6 55. Bd2 Bxf4 56. exf4 Kxd4 57. Ba5 Ke3 58. Bd2+ Kf3 59. Kd1 d4 60. Ke1 e3 61. Bc1 d3 62. Ba3 Kxf4 63. Bc5 Kf3 64. Bd4 Ke4 65. Bb6 f4 66. Ba5 f3 0-1

[Event "Bayern-ch Seniors 23rd"]
[Site "Bergen"]
[Date "2011.06.04"]
[Round "8"]
[White "Purwin, Heinz"]
[Black "Malik, Heinz"]
[Result "1-0"]
[WhiteElo "1584"]
[BlackElo "1614"]
[PlyCount "93"]
[EventDate "2011.05.28"]
[EventType "swiss"]
[EventRounds "9"]
[EventCountry "GER"]
[SourceTitle "EXT 2012"]
[Source "ChessBase"]
[SourceDate "2011.11.24"]
[SourceVersion "1"]
[SourceVersionDate "2011.11.24"]
[SourceQuality "1"]

1. e4 c6 2. d4 d5 3. Nc3 dxe4 4. Nxe4 Bf5 5. Ng3 Bg6 6. Nf3 Nd7 7. Bd3 Bxd3 8. Qxd3 Ngf6 9. Be3 e6 10. c3 Bd6 11. 0-0 0-0 12. Rfd1 Qc7 13. b4 b5 14. a4 a6 15. a5 Rfe8 16. Rab1 Ng4 17. Ng5 g6 18. N5e4 Nxe3 19. Qxe3 Bf8 20. Qg5 Bg7 21. Rd3 Qd8 22. Qe3 Nf6 23. Nxf6+ Qxf6 24. Ne4 Qd8 25. f4 Qd5 26. Ng5 h6 27. Nf3 Rad8 28. Ne5 Qd6 29. Rf1 Re7 30. Qf3 Rc8 31. Qg4 Bxe5 32. fxe5 Qd8 33. Rdf3 Qf8 34. Rf6 Qg7 35. R1f3 Rcc7 36. Qf4 Qh7 37. Rg3 Kg7 38. Rf3 Kf8 39. Qg3 Ke8 40. Qf2 g5 41. h4 g4 42. Rg3 h5 43. Qd2 Kd7 44. Qg5 Rc8 45. Rh6 Qb1+ 46. Kh2 Qf5 47. Rxh5 1-0

[Event "Bayern-ch Seniors 23rd"]
[Site "Bergen"]
[Date "2011.06.02"]
[Round "6"]
[White "Wolf, Reinhard"]
[Black "Malik, Heinz"]
[Result "1-0"]
[WhiteElo "1754"]
[BlackElo "1614"]
[PlyCount "81"]
[EventDate "2011.05.28"]
[EventType "swiss"]
[EventRounds "9"]
[EventCountry "GER"]
[SourceTitle "EXT 2012"]
[Source "ChessBase"]
[SourceDate "2011.11.24"]
[SourceVersion "1"]
[SourceVersionDate "2011.11.24"]
[SourceQuality "1"]

1. e4 c6 2. d4 d5 3. e5 Bf5 4. Nf3 e6 5. Bd3 Bxd3 6. Qxd3 Nd7 7. 0-0 c5 8. b3 cxd4 9. Qxd4 Bc5 10. Qg4 g6 11. a4 Ne7 12. Ba3 Nf5 13. Bxc5 Nxc5 14. Nbd2 0-0 15. Qb4 Qc7 16. g4 Ne7 17. Rac1 Rac8 18. Qf4 f6 19. Qh6 f5 20. b4 Ne4 21. Nxe4 dxe4 22. Ng5 Nc6 23. Nxe6 Qxe5 24. Nxf8 Rxf8 25. f4 Qd4+ 26. Kh1 Qxb4 27. Rb1 Qc4 28. Rg1 b6 29. gxf5 Rxf5 30. Rxg6+ hxg6 31. Qxg6+ Kh8 32. Qxf5 Qe2 33. Qh3+ Kg7 34. Qg2+ Qxg2+ 35. Kxg2 Kf6 36. Kf2 Kf5 37. Ke3 Kg4 38. Kxe4 Ne7 39. Rg1+ Kh3 40. Rg7 Nc6 41. f5 1-0

[Event "Bayern-ch Seniors 21st"]
[Site "Bergen"]
[Date "2009.06.25"]
[Round "6"]
[White "Malik, Heinz"]
[Black "Klimpel, Siegfried"]
[Result "1-0"]
[WhiteElo "1681"]
[BlackElo "1624"]
[PlyCount "99"]
[EventDate "2009.06.20"]
[EventType "swiss"]
[EventRounds "9"]
[EventCountry "GER"]
[SourceTitle "EXT 2015"]
[Source "ChessBase"]
[SourceDate "2014.11.20"]
[SourceVersion "1"]
[SourceVersionDate "2014.11.20"]
[SourceQuality "1"]

1. d4 e6 2. c4 b6 3. Nc3 Bb7 4. e4 Bb4 5. Bd3 f5 6. Qc2 Nc6 7. Nf3 fxe4 8. Bxe4 Nf6 9. Bg5 Nxd4 10. Bg6+ hxg6 11. Qxg6+ Kf8 12. Nxd4 Be4 13. Bxf6 Bxg6 14. Bxd8 Rxd8 15. 0-0-0 Bxc3 16. bxc3 a6 17. Nxe6+ Ke7 18. Nxd8 Rxd8 19. Rhe1+ Kf6 20. Kb2 d6 21. Rd4 Rd7 22. f3 Bf7 23. h3 a5 24. Rf4+ Kg6 25. Ree4 Kh7 26. h4 a4 27. Re3 c6 28. Rfe4 Rd8 29. g4 b5 30. cxb5 cxb5 31. f4 d5 32. Rd4 g6 33. Re5 Kg7 34. Rb4 Rb8 35. Kc2 Kf6 36. Kd3 Kg7 37. Kd4 Rb7 38. f5 Rc7 39. fxg6 Kxg6 40. Re3 Kg7 41. Ke5 Re7+ 42. Kf4 Rb7 43. Kg5 Rb6 44. Kf4 Rf6+ 45. Kg3 Rb6 46. Re5 Rb7 47. h5 Rd7 48. Kh4 Rd6 49. g5 Rb6 50. Re7 1-0

[Event "Bayern-ch Seniors 20th"]
[Site "Bergen"]
[Date "2008.06.14"]
[Round "8.37"]
[White "Malik, Heinz"]
[Black "Purwin, Heinz"]
[Result "1/2-1/2"]
[WhiteElo "1659"]
[BlackElo "1541"]
[PlyCount "43"]
[EventDate "2008.06.07"]
[EventType "swiss"]
[EventRounds "9"]
[EventCountry "GER"]
[SourceTitle "EXT 2022"]
[Source "ChessBase"]
[SourceDate "2021.10.06"]
[SourceVersion "1"]
[SourceVersionDate "2021.10.06"]
[SourceQuality "1"]

1. d4 Nf6 2. c4 g6 3. Nc3 Bg7 4. e4 d6 5. Nf3 c5 6. d5 0-0 7. g3 e6 8. Bg2 exd5 9. cxd5 Re8 10. Qc2 b5 11. Nd2 b4 12. Ne2 a5 13. a4 Ba6 14. Nc4 Ra7 15. 0-0 Rae7 16. Bg5 h6 17. Bxf6 Bxf6 18. Rab1 Bb7 19. Rfd1 Na6 20. b3 Bg7 21. f3 Nc7 22. Nf4 1/2-1/2

[Event "Bad Woerishofen Seniors op 24th"]
[Site "Bad Woerishofen"]
[Date "2008.02.28"]
[Round "1"]
[White "Goy, Udo"]
[Black "Malik, Heinz"]
[Result "1/2-1/2"]
[WhiteElo "2105"]
[BlackElo "1715"]
[PlyCount "97"]
[EventDate "2008.02.28"]
[EventType "swiss"]
[EventRounds "9"]
[EventCountry "GER"]
[SourceTitle "EXT 2022"]
[Source "ChessBase"]
[SourceDate "2021.10.06"]
[SourceVersion "1"]
[SourceVersionDate "2021.10.06"]
[SourceQuality "1"]

1. d4 Nf6 2. Nf3 e6 3. c4 d5 4. Nc3 Nbd7 5. Bg5 h6 6. Bh4 c6 7. e3 Bb4 8. Bd3 dxc4 9. Bxc4 Qa5 10. Qc2 b5 11. Bb3 Nd5 12. Rc1 Bb7 13. 0-0 Bxc3 14. bxc3 0-0 15. e4 N5f6 16. e5 Nd5 17. a4 a6 18. c4 bxc4 19. Bxc4 Rfc8 20. Nd2 c5 21. Nb3 Qxa4 22. Ra1 Qc6 23. Na5 Qc7 24. Rfb1 Rcb8 25. dxc5 Nxc5 26. Bg3 Nd7 27. Qe4 N5b6 28. Qd4 Nxc4 29. Nxc4 Bd5 30. Rxb8+ Rxb8 31. Ne3 Qb6 32. Qxb6 Rxb6 33. h3 f6 34. exf6 Nxf6 35. Be5 Be4 36. Rc1 Rb1 37. Rxb1 Bxb1 38. Bc3 Nd5 39. Nxd5 exd5 40. f3 Kf7 41. Kf2 g6 42. Ke3 Ke6 43. h4 h5 44. g4 Bc2 45. gxh5 gxh5 46. Bb4 Kf5 47. Ba5 Bd1 48. Bc3 Bb3 49. Ba5 1/2-1/2

[Event "GER-ch Seniors Gp-A 19th"]
[Site "Templin"]
[Date "2007.08.28"]
[Round "6"]
[White "Pfueller, Volker"]
[Black "Malik, Heinz"]
[Result "0-1"]
[WhiteElo "1681"]
[BlackElo "1716"]
[PlyCount "82"]
[EventDate "2007.08.23"]
[EventType "swiss"]
[EventRounds "9"]
[EventCountry "GER"]
[SourceTitle "EXT 2022"]
[Source "ChessBase"]
[SourceDate "2021.10.06"]
[SourceVersion "1"]
[SourceVersionDate "2021.10.06"]
[SourceQuality "1"]

1. e4 c6 2. d4 d5 3. e5 Bf5 4. Bd3 Bxd3 5. Qxd3 e6 6. Nf3 Qb6 7. 0-0 c5 8. c4 dxc4 9. Qxc4 Nc6 10. dxc5 Bxc5 11. Nc3 Qb4 12. Qxb4 Bxb4 13. Nb5 Rc8 14. Be3 a6 15. Nd6+ Bxd6 16. exd6 Kd7 17. Rfd1 Nf6 18. Rac1 Nd5 19. Bc5 b6 20. Ba3 f6 21. g3 Na5 22. Nd2 Rxc1 23. Rxc1 Rc8 24. Rd1 Nc4 25. Nxc4 Rxc4 26. b3 Rc2 27. Ra1 b5 28. Kf1 b4 29. Bc1 Kxd6 30. a3 a5 31. axb4 axb4 32. Ra6+ Rc6 33. Rxc6+ Kxc6 34. Ke2 Kb5 35. f4 f5 36. Kd3 g6 37. Kd4 Ne7 38. Ke5 Nc6+ 39. Kxe6 Nd4+ 40. Kf7 Nxb3 41. Kg7 Nxc1 0-1

[Event "GER-ch Seniors Gp-A 19th"]
[Site "Templin"]
[Date "2007.08.26"]
[Round "4"]
[White "Malik, Heinz"]
[Black "Zotkin, Alexander"]
[Result "1-0"]
[WhiteElo "1716"]
[BlackElo "1780"]
[PlyCount "121"]
[EventDate "2007.08.23"]
[EventType "swiss"]
[EventRounds "9"]
[EventCountry "GER"]
[SourceTitle "EXT 2022"]
[Source "ChessBase"]
[SourceDate "2021.10.06"]
[SourceVersion "1"]
[SourceVersionDate "2021.10.06"]
[SourceQuality "1"]

1. d4 Nf6 2. c4 g6 3. Nc3 Bg7 4. e4 0-0 5. Nf3 d6 6. Bf4 Nbd7 7. Be2 Nh5 8. Be3 e5 9. 0-0 b6 10. dxe5 dxe5 11. Qc2 Bb7 12. Rad1 Qe7 13. Nd5 Bxd5 14. cxd5 Ndf6 15. Nd2 Kh8 16. Rc1 Ne8 17. Bxh5 gxh5 18. Qc6 Rd8 19. Qa4 Rd6 20. Qd1 Qh4 21. f3 Rg6 22. Bf2 Qh3 23. Bg3 Qd7 24. Nc4 Qe7 25. Ne3 h4 26. Nf5 Qg5 27. Nxh4 Qe3+ 28. Bf2 Qg5 29. Nxg6+ fxg6 30. Bg3 Qe7 31. Rc6 Nd6 32. Qc1 Rf7 33. a4 a5 34. Qd2 Nb7 35. b3 Nc5 36. Qc2 Bh6 37. Qc3 Bg7 38. Bf2 Na6 39. Rd1 Qb4 40. Qxb4 Nxb4 41. Rc4 Bf8 42. Kf1 Bd6 43. Be1 Na6 44. Ke2 Kg7 45. g3 Nc5 46. Rb1 Na6 47. Bc3 g5 48. g4 Kg6 49. Be1 h5 50. gxh5+ Kxh5 51. Bg3 g4 52. fxg4+ Kxg4 53. Rf1 Rxf1 54. Kxf1 Nc5 55. Rxc5 bxc5 56. Ke2 c6 57. dxc6 Kh3 58. Kd3 Kg4 59. Kc4 Kf3 60. Kd5 c4 61. bxc4 1-0

[Event "GER-ch Seniors Gp-A 19th"]
[Site "Templin"]
[Date "2007.08.24"]
[Round "2"]
[White "Trefzer, Erhard"]
[Black "Malik, Heinz"]
[Result "1-0"]
[WhiteElo "1896"]
[BlackElo "1716"]
[PlyCount "107"]
[EventDate "2007.08.23"]
[EventType "swiss"]
[EventRounds "9"]
[EventCountry "GER"]
[SourceTitle "EXT 2022"]
[Source "ChessBase"]
[SourceDate "2021.10.06"]
[SourceVersion "1"]
[SourceVersionDate "2021.10.06"]
[SourceQuality "1"]

1. e4 c6 2. d4 d5 3. e5 Bf5 4. h4 h6 5. c4 e6 6. Nc3 dxc4 7. Bxc4 Nd7 8. Nge2 Nb6 9. Bd3 Ne7 10. Ne4 Bxe4 11. Bxe4 Ned5 12. a3 c5 13. Bd3 a6 14. dxc5 Bxc5 15. b4 Be7 16. g3 0-0 17. 0-0 Qd7 18. Bc2 f5 19. Qd3 Rac8 20. Bb2 Nc4 21. Bd4 Qc7 22. Bb3 Nxe5 23. Bxe5 Qxe5 24. Bxd5 exd5 25. Nf4 Qe4 26. Qxd5+ Qxd5 27. Nxd5 Bf6 28. Ra2 Rc6 29. Re1 Kf7 30. h5 Re8 31. Rxe8 Kxe8 32. Ne3 f4 33. gxf4 Kf7 34. Kg2 b6 35. Ng4 Rc3 36. Ne3 a5 37. bxa5 bxa5 38. a4 Rb3 39. Nf5 Rb4 40. Kg3 Be7 41. Kf3 Bc5 42. Rc2 Bb6 43. Rc6 Rb1 44. Nd6+ Kg8 45. Ne4 Kh7 46. f5 Rb4 47. f6 gxf6 48. Nxf6+ Kg7 49. Ng4 Rxg4 50. Kxg4 Bxf2 51. Kf5 Be3 52. Rc7+ Kg8 53. Rd7 Bc5 54. Kg6 1-0